000 00826nam a2200205Ia 4500
999 _c9216
_d9216
005 20230909114907.0
008 230906s9999 xx 000 0 und d
020 _a968-18-3235-3
040 _aUPAN
_cBiblioteca San Vicente
_eRCAA2
041 _aspa
082 _a800
_bB456t
_c1966
100 _aBeloff, Max
_4aut.
245 0 _aThomas Jefferson/
_cMax Beloff
250 _a1° ed.
260 _aMéxico:
_bLimusa,
_c1989
300 _a245 p.;
_c19 cm.
505 _a1. Introducción 2. El aprendizaje 3. Independencia de los Estados Unidos 4. El estadista de Virginia 5. Embajador 6. Secretario de Estado 7. En la posición 8. Presidente: La compra de Luisiana 9. Presidente: Embargo 10. Estadista anciano 11. El legado Jeffersoniano
650 _2LEMB
_xLiteratura.Ensayos
_zEstados Unidos
942 _cBK
_2ddc